| 000 | 00816nam a22002652 4500 | ||
|---|---|---|---|
| 001 | 50883 | ||
| 003 | BD-RJUL | ||
| 005 | 20211209075559.0 | ||
| 008 | 160828s1959 enk 001 0 eng d | ||
| 035 | _aBD-RJUL 51003 | ||
| 040 |
_aZHM _cZHM _dUKM _dEQO _beng |
||
| 041 | _aeng | ||
| 082 | 0 | 4 |
_a362.196995 _218 _bCOS 1959 |
| 090 |
_aRC316.G7 _bC6 |
||
| 100 | 1 |
_aColtart, Margaret. _9152317 |
|
| 245 | 1 | 0 |
_aSocial work in tuberculosis / _cby Margaret Coltart, Helen Raine and Elizabeth Harrison. |
| 260 |
_aLondon : _bChest and Heart Association, _c1959. |
||
| 300 |
_a144 p. ; _c21 cm. |
||
| 500 | _aIncludes index. | ||
| 650 | 0 |
_aTuberculosis _zGreat Britain. _9152318 |
|
| 650 | 0 |
_aMedical social work. _9152319 |
|
| 700 | 1 |
_aRaine, Helen. _9152320 |
|
| 700 | 1 |
_aHarrison, Elizabeth. _9152321 |
|
| 942 |
_2ddc _cBK |
||
| 999 |
_c50883 _d50883 |
||